| 000 | 00486nam a22001577a 4500 | ||
|---|---|---|---|
| 005 | 20240805103503.0 | ||
| 008 | 240805b |||||||| |||| 00| 0 eng d | ||
| 041 | _aEnglish | ||
| 082 | _a349 SOU | ||
| 100 | _lEnglish | ||
| 245 | _aSouth African Law Reports: Orange Free State Provincial Division | ||
| 260 |
_aCape Town: _bJuta and Company Ltd, _c1911-1912 |
||
| 300 |
_bxvii, 128 pages; _c25 cm. |
||
| 650 |
_aLegal practice _bLaw |
||
| 942 |
_cBK _6ALISON_BN_VRIES |
||
| 999 |
_c2439 _d2439 |
||